| 000 | 01201nam a2200373 i 4500 | ||
|---|---|---|---|
| 001 | bg | ||
| 003 | KOSZ 005 | ||
| 005 | 20200401104329.0 | ||
| 008 | 011024s1977 pl a f f |001 0 pol | ||
| 015 | _aPB 1977/4720 | ||
| 035 | _a(OCoLC)749678817 | ||
| 040 |
_aWA N _cKOSZ 005/HR _dKOSZ 005/HR |
||
| 041 | 0 | _apol | |
| 080 | _a510.6 | ||
| 080 | _a510.22 | ||
| 080 | _a(075.8+076) | ||
| 100 | 1 |
_aMarek, Wiktor. _eAutor |
|
| 245 | 1 | 0 |
_aElementy logiki i teorii mnogości w zadaniach / _cWiktor Marek i Janusz Onyszkiewicz. |
| 250 | _aWyd. 3. | ||
| 260 |
_aWarszawa : _bPańst. Wydaw. Naukowe, _c1977. |
||
| 300 |
_a273, [2] s. : _bil., wykr. ; _c21 cm. |
||
| 380 | _aKsiążki. | ||
| 380 | _aPublikacje dydaktyczne | ||
| 385 |
_mPoziom nauczania _aSzkoły wyższe |
||
| 388 | _a1901-2000 | ||
| 504 | _aBibliogr. Indeks. | ||
| 658 | _aMatematyka | ||
| 655 | 4 | _aĆwiczenia i zadania dla szkół wyższych | |
| 650 | 4 | _aLogika matematyczna | |
| 650 | 4 | _aTeoria mnogości | |
| 700 | 1 |
_aOnyszkiewicz, Janusz _d(1937- ). _eAutor |
|
| 856 |
_uhttp://koha.tu.koszalin.pl/cgi-bin/koha/opac-detail.pl?biblionumber=17364 _yKatalog online BPK |
||
| 942 |
_2UKD _cKS |
||
| 999 |
_c17364 _d17364 |
||